000 00468nmm a2200169Ia 4500
008 251105s9999||||xx |||||||||||||||||und||
020 _a9788498950045
041 _aspa
100 _aRuiz Noguera, Francisco
245 0 _aArquitectura efímera
264 _a[Madrid, España] :
_bVisor Libros,
_c2008
300 _a66 páginas
490 _aVisor de Poesía
650 _aSpanish poetry
856 _uhttps://public.digitaliapublishing.com/a/41120
942 _cCF
999 _c92107
_d92107